000 00207 a2200097 4500
001 18552
100 _aManzil M.A
245 _aTajreeda Sahi Muslmi
260 _a
_bAshahat Manzil
_c
090 _c13782
_d13782
942 _aNUST-CAE
_cM
_c4205
999 _c253625
_d253625